<The> Importance of Customer Awareness of Selected Management Systems
Dôležitosť informovanosti zákazníkov o vybraných manažérskych systémoch (osobitne systémov riadenia kvality, environmentálych manažérskych systémov, systémov bezpečnosti a ochrany zdravia pri práci). Výskum bol realizovaný vo viacerých slovenských mestách prostredníctvo dotazníkov. Výsledky výskumu....
Guardado en:
| Autor principal: | |
|---|---|
| Formato: | Capítulo de libro |
| Lenguaje: | inglés |
| Materias: | |
| Etiquetas: |
Sin Etiquetas, Sea el primero en etiquetar este registro!
|
MARC
| LEADER | 00000naa a2200000 4500 | ||
|---|---|---|---|
| 001 | 0223878 | ||
| 005 | 20240502083556.7 | ||
| 041 | 0 | |a eng | |
| 044 | |a PL | ||
| 245 | 1 | 0 | |a <The> Importance of Customer Awareness of Selected Management Systems |c Marta Karkalíková |
| 520 | |a Dôležitosť informovanosti zákazníkov o vybraných manažérskych systémoch (osobitne systémov riadenia kvality, environmentálych manažérskych systémov, systémov bezpečnosti a ochrany zdravia pri práci). Výskum bol realizovaný vo viacerých slovenských mestách prostredníctvo dotazníkov. Výsledky výskumu. Integrácia manažérskych systémov. | ||
| 610 | 2 | 0 | |a systémy riadenia |
| 610 | 2 | 0 | |a certifikácia |
| 610 | 2 | 0 | |a systémy environmentálne manažérske |
| 610 | 2 | 0 | |a systémy integrované manažérske |
| 610 | 2 | 0 | |a zákazníci |
| 610 | 2 | 0 | |a spokojnosť zákazníkov |
| 610 | 2 | 0 | |a kvalita výrobkov |
| 610 | 2 | 0 | |a informácie |
| 100 | 1 | |a Karkalíková, Marta | |